000 00537nam a22001937a 4500
003 KOHA_MİRAKIL
005 20250411163545.0
008 250411b tu ||||| |||| 00| 0 tur d
020 _a9789750407741
040 _aTR-AnABB
_btur
_cTR-AnABB
041 _atur
082 _a813.42
_bFAK 2018
100 _aFakir Baykurt,
_d1929-1999
245 1 0 _aÖzüm çocuktur /
_cFakir Baykurt
260 _aİstanbul :
_bLiteratür Yayın,
_c2018
300 _a313 sayfa ;
_c21 cm
650 0 4 _aTürk edebiyatı, roman
942 _2ddc
_cBK
999 _c8652
_d8652
900 _bGizem YORULMAZ